000 00944nam0a22002531 4500
001 rc\602479
005 20031121163545.2
035 _a(NLR Aleph) 005846768
090 _a5736455
_c5736455
100 _a20031121d1986 u |0rusy50 ca
101 0 _arus
102 _aRU
105 _ay |||||||||
200 1 _aСовершенствование стиля идеологической, политико-воспитательной работы
210 _aКиев
_cО-во "Знание" УССР
_d1986
215 _a48, [1] с.
_d20
225 1 _aСерия 10, Теория и практика коммунистического воспитания
_fО-во "Знание" УССР
_v№ 2
320 _aБиблиогр. в примеч.: с.49
700 1 _aЕрхов
_bГ. П.
_gГеннадий Петрович
801 0 _aRU
_bNLR
_gpsbo
801 1 _aRU
_bELAR
_2rusmarc
852 _aNLR
_j86-4/3699
942 _cBOOK
980 _aNB